Gaming Quiz

Random Gaming or Minecraft Quiz
Score 0/16 Timer 05:00
0 Plays Today
Description % Correct
You could cut someone with that!Sharpness
76.9%
Get Back!Knockback
76.1%
Hot!Fire Aspect
70.9%
Hot!Flame
64.1%
Doubles drops of mobs.Looting
61.5%
LongevityUnbreaking
57.3%
Endless supply Infinity
57.3%
Doubles drops of DiamondsFortune
56.4%
Description % Correct
Pretty useless enchantSmite
55.6%
Just a layer of ....Protection
53%
Stop hitting yourselfThornS
51.3%
A bit more kickPunch
51.3%
A bit more painPower
47.9%
Just answer with the word uselessUseless
38.5%
SpeedEfficiency
33.3%
Useless EnchantBane of Anthropods
12%
Remove Ads.
Support Sporcle.
Get the best of Sporcle when you Go Orange. This ad-free experience offers more features, more stats, and more fun while also helping to support Sporcle. Thank you for becoming a member.

You're not logged in!

Compare scores with friends on all Sporcle quizzes.
OR
Log In

Show Comments

Extras

Created Jan 22, 2013ReportNominate
Tags:Minecraft Quiz

Top Quizzes Today


Score Distribution

Your Account Isn't Verified!

In order to create a playlist on Sporcle, you need to verify the email address you used during registration. Go to your Sporcle Settings to finish the process.

Report this User

Report this user for behavior that violates our Community Guidelines.

Details: